| 000 | 00626nam a22001937a 4500 | ||
|---|---|---|---|
| 005 | 20230309061520.0 | ||
| 008 | 230309b |||||||| |||| 00| 0 eng d | ||
| 020 | _a978-1-78879-043-7 | ||
| 082 | _a641.874 C593 2018 | ||
| 100 |
_aClark, Jason _eauthor |
||
| 245 |
_aThe art and craft of coffee cocktails: _bover 75 recipes for mixing coffee and liquor / _cJason Clark; photograph by Alex Attikov Osyka |
||
| 260 |
_aLondon: _bReyland Peters & Small, _cc2018 |
||
| 300 |
_a208p.: _bcol. ill. |
||
| 504 | _aIncludes index | ||
| 541 | _e6950 | ||
| 650 | _aCocktails | ||
| 650 | _aCoffee | ||
| 700 |
_aOsyka, Alex A. _ephotographer |
||
| 999 |
_c1679 _d1679 |
||